000 00194 a2200097 4500
020 _a9781930332256
041 _aspa
100 _aDoris Buchanan Smith
245 _aUn sabor a moras
942 _cBK
999 _c28995
_d28993